Music Quiz

Random Music or Lyrics Quiz

Beatles Lyrics Quiz Stats

Quiz not verified by Sporcle

Challenge
Share
Tweet
Embed
Score 0/30 Timer 07:00
0 Plays Today
Lyric Title % Correct
Semolina pilchard, climbing up the Eiffel TowerI Am the Walrus
86.8%
My independence seems to have vanished in the hazeHelp!
84.7%
One and one and one is threeCome Together
81.1%
Sky of blue and sea of greenYellow Submarine
80.4%
There's a shadow hanging over meYesterday
79.7%
It's such a feeling that my love, I can't hideI Want to Hold Your Hand
79.4%
No one you can save that can't be savedAll You Need is Love
79.4%
Hold me, love me, hold me, love meEight Days a Week
78.6%
The English Army had just won the warA Day in the Life
78.3%
These are words that go together wellMichelle
77.6%
Living is easy with eyes closedStrawberry Fields Forever
76.9%
So let it out and let it inHey Jude
76.9%
With lovers and friends I still can recallIn My Life
75.8%
Take these sunken eyes and learn to seeBlackbird
74.7%
Climb in the back with your head in the cloudsLucy in the Sky with Diamonds
73%
Lyric Title % Correct
Did you think that money was heaven-sent?Lady Madonna
71.2%
No one was savedEleanor Rigby
69.8%
Don't you know that you can count me outRevolution
69.8%
And then the fireman rushes in from the pouring rainPenny Lane
68.3%
I see that ice is slowly meltingHere Comes the Sun
65.1%
The Walrus was PaulGlass Onion
63.7%
So, I lit a fireNorwegian Wood
61.9%
Buys a 20-carat golden ringOb-La-Di, Ob-La-Da
60.5%
With every mistake we must surely be learningWhile My Guitar Gently Weeps
59.8%
You don't know how lucky you are, boyBack in the U.S.S.R.
59.8%
We shall scrimp and saveWhen I'm Sixty-four
59.1%
But everyone knew her as NancyRocky Raccoon
56.6%
Working for peanuts is all very fineDrive My Car
53%
Turn off your mind, relax and float downstreamTomorrow Never Knows
51.6%
Oh what joy for every girl and boyOctopus's Garden
48.4%

You're not logged in!

Compare scores with friends on all Sporcle quizzes.
Join for Free
OR
Log In

You Might Also Like...

Show Comments

Extras

Created Aug 16, 2010ReportNominate
Tags:Lyrics Quiz, Song Quiz

Top Quizzes Today


Score Distribution

Your Account Isn't Verified!

In order to create a playlist on Sporcle, you need to verify the email address you used during registration. Go to your Sporcle Settings to finish the process.

Report this User

Report this user for behavior that violates our Community Guidelines.

Details: